000 00367nam a2200133Ia 4500
008 150201s1920 xx 000 0 und d
082 _a614.1
_bM20M
100 _aMATHIHARAN,K
245 _aMODI'S MEDICAL JURISPRUDENCE AND TOXICOLOGY
250 _a23RD
260 _bLEXIAMEXINS BUTTERWRTHR WADHAWA
_aNAGPUR
_c1920
650 _aFORENSIC MEDICINE
942 _2ddc
_cBK
_01
999 _c1134
_d1134